| 000 | 00671nam a2200217 i 4500 | ||
|---|---|---|---|
| 001 | bg | ||
| 100 | 1 | _aZAJĄC, Aleksander | |
| 245 | 0 |
_aKonsument we współczesnej gospodarce rynkowej / _cAleksander Zając. |
|
| 260 |
_aPoznań : _bWydaw. Politechniki Poznańskiej, _c2004. |
||
| 300 |
_a93 s. ; _c24 cm. |
||
| 650 | 9 |
_aKonsumenci (ekon.) _xochrona |
|
| 650 | 9 |
_aKonsumenci (ekon.) _xochrona _xprawo _zPolska _ystan na 2004 r. |
|
| 655 | _aPodręczniki akademickie | ||
| 020 | _a8371432240 | ||
| 040 | _cBPK | ||
| 041 | 0 | _apol | |
| 080 | _a346.54:366"1989/..."](438)(075.8) | ||
| 920 | _a83-7143-224-0 | ||
| 942 | _cKS | ||
| 008 | s pl f |000 0 pol | ||
| 999 |
_c44561 _d44561 |
||
| 856 |
_uhttp://koha.tu.koszalin.pl/cgi-bin/koha/opac-detail.pl?biblionumber=44561 _yKatalog online BPK |
||